000 00604 a2200181 4500
003 OSt
005 20180116192341.0
008 120524t xxu||||| |||| 00| 0 eng d
020 _a9781104123369
040 _c0
082 _a720.4702
245 _aStandard for the design of high-performance green buildings :
_bexcept low-rise residential buildings
260 _aLondon :
_billuminating engineering society.
_c2009.
300 _a122p. :
_b18cm .
650 0 _a Sustainable buildings.
_92104
942 _aSADA
_cBK
_k720.4702 STA 2009
_2ddc
999 _c352652
_d352652